000
00213nam a22001097a 4500
082
_a
297.7GRU
100
_a
Grube J E
245
_a
Islamic pottery
260
_a
London
_b
Fiber
_c
1976
300
_a
378
942
_c
BK
999
_c
12257
_d
12257